Taylor Swift Music Video By Single Picture - Statistics

General Stats
  • This quiz has been taken 37 times
  • The average score is 17 of 20
Answer Stats
Picture Answer % Correct
ME!
100%
Delicate
97%
22
94%
The Man
94%
You Need To Calm Down
94%
Anti Hero
90%
Cardigan
90%
Fortnight
90%
You Belong With Me
90%
Blank Space
87%
Lavender Haze
87%
Bejeweled
84%
Willow
84%
Bad Blood
81%
Our Song
81%
I Bet You Think About Me
77%
I Can See You
74%
Karma
71%
Back To December
65%
We Are Never Ever Getting Back Together
55%
No matching quizzes found
Score Distribution
Percent of People with Each Score
Percentile by Number Answered
Your Score History
You have not taken this quiz